Tradiciones peruanas
Сохранить в:
| Главный автор: | |
|---|---|
| Формат: | |
| Язык: | Undetermined |
| Опубликовано: |
París, Francia
ALLCA XX
1996
|
| Редактирование: | 2 |
| Предметы: | |
| Метки: |
Добавить метку
Нет меток, Требуется 1-ая метка записи!
|
MARC
| LEADER | 00000nam a2200000Ia 4500 | ||
|---|---|---|---|
| 008 | 170316s9999 xx 000 0 und d | ||
| 040 | |a cru BVZT | ||
| 090 | |a AR 36 | ||
| 100 | |a Palma, Ricardo | ||
| 245 | |a Tradiciones peruanas | ||
| 250 | |a 2 | ||
| 260 | |a París, Francia | ||
| 260 | |b ALLCA XX | ||
| 260 | |c 1996 | ||
| 300 | |a 658 páginas | ||
| 650 | |a COLECCIÓN ARCHIVOS | ||
| 650 | |a LITERATURA LATINOAMERICANA | ||
| 942 | |c SALA | ||
| 999 | |c 12658 |d 12658 | ||
